Music Quiz

Random Music or Album Quiz

Pearl Jam Albums Quiz Stats

 Plays Quiz Updated Mar 20, 2020

     
Support Sporcle.
Go Orange.
Score 0/11 Timer 03:00
0 Plays Today
Year Album % Correct
1991Ten
97.4%
1993Vs.
85.9%
1994Vitalogy
81.3%
2006Pearl Jam
78.7%
1998Yield
74.8%
2013Lightning Bolt
68%
1996No Code
67.8%
2009Backspacer
62.2%
2000Binaural
59.3%
2002Riot Act
54.4%
2020Gigaton
52.1%

From the Vault

Harry Potter Character Sorting Blitz II

by petenge

The Sorting Hat is nowhere near as fast.
Remove Ads.
Support Sporcle.
Get the best of Sporcle when you Go Orange. This ad-free experience offers more features, more stats, and more fun while also helping to support Sporcle. Thank you for becoming a member.

Show Comments

Extras

Top Quizzes Today


Score Distribution

Your Account Isn't Verified!

In order to create a playlist on Sporcle, you need to verify the email address you used during registration. Go to your Sporcle Settings to finish the process.

Report this User

Report this user for behavior that violates our Community Guidelines.

Details: